Carregant...
Padhya ratnakar. /
| Format: | Printed Book |
|---|---|
| Idioma: | Hindi |
| Publicat: |
1972.
|
| LEADER | 00308nam a2200097Ia 4500 | ||
|---|---|---|---|
| 008 | 150624b ii ||||| |||| 00| 0 hin d | ||
| 245 | |a Padhya ratnakar. / | ||
| 260 | |c 1972. | ||
| 942 | |c BK | ||
| 999 | |c 62668 |d 62668 | ||
| 952 | |0 1 |1 0 |2 ddc |4 1 |6 861_000000000000000_A_H |7 0 |9 62645 |a UL |b UL |c SEC |d 2012-10-27 |l 0 |o 861.A H |p G1650 |r 2012-10-27 |y BK | ||